000 00311nam a2200133Ia 4500
005 20251222155107.0
008 251222s9999||||xx |||||||||||||| ||spa||
082 _aMEQ. 100.5
100 _aOCEANO C.
245 0 _aEnciclopedia de Enfermería Vol. 5
250 _a1ra. ed.
264 _bOceano
942 _cLIB
999 _c37897
_d37897